Linear algebra : (Record no. 538)

MARC details
000 -LEADER
fixed length control field 01087cam a2200313 i 4500
001 - CONTROL NUMBER
control field 17449745
003 - CONTROL NUMBER IDENTIFIER
control field OSt
005 - DATE AND TIME OF LATEST TRANSACTION
control field 20250420134815.0
008 - FIXED-LENGTH DATA ELEMENTS--GENERAL INFORMATION
fixed length control field 120831s2013 nyua 001 0 eng
010 ## - LIBRARY OF CONGRESS CONTROL NUMBER
LC control number 2012948438
020 ## - INTERNATIONAL STANDARD BOOK NUMBER
International Standard Book Number 9780071794565
040 ## - CATALOGING SOURCE
Original cataloging agency DLC
Language of cataloging eng
Description conventions rda
Transcribing agency KCST
042 ## - AUTHENTICATION CODE
Authentication code pcc
050 00 - LIBRARY OF CONGRESS CALL NUMBER
Classification number QA184.2
Item number .L53 2013
082 ## - DEWEY DECIMAL CLASSIFICATION NUMBER
Classification number 512.5
Item number Li Li
100 1# - MAIN ENTRY--PERSONAL NAME
Personal name Lipschutz, Seymour.
9 (RLIN) 4863
240 10 - UNIFORM TITLE
Uniform title Schaum's outline of theory and problems of linear algebra
245 10 - TITLE STATEMENT
Title Linear algebra :
Remainder of title 612 fully solved problems /
Statement of responsibility, etc. by Seymour Lipschutz, PhD, Temple University, Marc Lars Lipson, PhD, University of Virginia.
250 ## - EDITION STATEMENT
Edition statement 5th edition.
260 ## - PUBLICATION, DISTRIBUTION, ETC.
Place of publication, distribution, etc. New York :
Name of publisher, distributor, etc. McGraw-Hill,
Date of publication, distribution, etc. 2013.
300 ## - PHYSICAL DESCRIPTION
Extent vi, 426 pages :
Other physical details illustrations ;
Dimensions 28 cm.
490 0# - SERIES STATEMENT
Series statement Schaum's outline series
500 ## - GENERAL NOTE
General note Revision of: Schaum's outline of theory and problems of linear algebra / Seymour Lipschutz. 3rd ed. 2002.
500 ## - GENERAL NOTE
General note Includes index.
650 #0 - SUBJECT ADDED ENTRY--TOPICAL TERM
Topical term or geographic name entry element Linear Algebra
Form subdivision Outlines, syllabi, etc.
9 (RLIN) 4864
700 1# - ADDED ENTRY--PERSONAL NAME
Personal name Lipson, Marc.
9 (RLIN) 4866
942 ## - ADDED ENTRY ELEMENTS (KOHA)
Koha item type Book
942 ## - ADDED ENTRY ELEMENTS (KOHA)
Source of classification or shelving scheme Dewey Decimal Classification
Holdings
Withdrawn status Lost status Source of classification or shelving scheme Damaged status Not for loan Home library Current library Date acquired Cost, normal purchase price Total checkouts Full call number Barcode Date last seen Price effective from Koha item type
    Dewey Decimal Classification     KCST Library KCST Library 29/07/2020 18.21   512.5 Li Li 1000000453 29/07/2020 29/07/2020 Book
© 2025 KCST. All rights reserved